Monetary policy, parameter uncertainty and optimal learning

Gespeichert in:
Bibliographische Detailangaben
1. Verfasser: Wieland, Volker
Format: Buch
Sprache:Englisch
Veröffentlicht: Bonn Zentrum für Europäische Integrationsforschung 1999
Schriftenreihe:Working paper B 9
Schlagworte:
Tags: Tag hinzufügen
Keine Tags, Fügen Sie das erste Tag hinzu!

MARC

LEADER 00000nam a2200000 4500
001 c131239
005 20221108123920.7
022 |a 1436-6053 
041 0 |a eng 
044 |a DE 
245 1 0 |a Monetary policy, parameter uncertainty and optimal learning  |c Volker Wieland 
264 1 |a Bonn  |b Zentrum für Europäische Integrationsforschung  |c 1999 
300 |a 32 s. 
490 1 |a Working paper  |v B 9 
830 0 |a Working paper  |v B 9 
610 2 0 |a peniaze 
610 2 0 |a politika peňažná 
610 2 0 |a parametre ekonomické 
610 2 0 |a Nemecko 
100 1 |a Wieland, Volker